Hướng dẫn sử dụng máy vi tính cho mọi người

Αποθηκεύτηκε σε:
Λεπτομέρειες βιβλιογραφικής εγγραφής
Κύριος συγγραφέας: Trần Văn Thắng
Μορφή: Βιβλίο
Έκδοση: Thống kê 2002
Ετικέτες: Προσθήκη ετικέτας
Δεν υπάρχουν, Καταχωρήστε ετικέτα πρώτοι!
Thư viện lưu trữ: Mạng thư viện Đại học Đà Nẵng
LEADER 00577nam a2200229 a 4500
001 000028680
003 16281
005 20171030145630.0
008 171030s2002
020 |c 57000 
040 |a LTT 
082 0 |a 004  |b TR-T 
100 1 |a Trần Văn Thắng 
245 0 0 |a Hướng dẫn sử dụng máy vi tính cho mọi người  |c Trần Văn Thắng. 
260 |b Thống kê  |c 2002 
OWN |a LTT 
999 |a From the UDN01 
TYP |a Monograph 
TYP |a Printed language 
980 |a Mạng thư viện Đại học Đà Nẵng